Images : Les couronnes héraldiques - Statistiques

Statistiques générales
  • Ce quiz a été pris 49 fois
  • Le résultat moyen est 8 sur 14
Statistiques - réponses
Par images Hint Réponse % Correct
R {Roi}
95%
C Comte
84%
D Duc
82%
M Marquis
79%
V Vicomte
79%
B Baron
74%
D {Dauphin}
58%
D & PDF {Duc} & {Pair de France}
50%
C & PDF {Comte} & {Pair de France}
47%
M & PDF {Marquis} & {Pair de France}
42%
PDS {Prince du sang}
26%
C {Commune}
21%
C {Capitale}
11%
D {Département}
8%
Aucun quiz correspondant
Distribution des résultats
% des personnes avec chaque résultat
Percentile par nombre de réponses
Votre historique - résultats
Vous n’avez pas pris ce quiz